Представление документа в формате RUSMARC

ПолеНазваниеЗначение
  Тип записи a
  Библиографический уровень m
001 Контрольный номер RU/IS/BASE/512830738
005 Дата корректировки 20251125160328.2
010 Индекс ISBN __
9 Тираж 500 экз.
013 Номер (ISMN) __
d Цена 1 р. 80 к.
071 Издательские номер (звукозапись и ноты) 21
a Номер, присвоенный агентством 12384
100 Данные общей обработки __
a Данные общей обработки 20160401d1984 u y0rusy0189||||ca
101 Язык документа 0_
a Язык текста rus
f Язык титульного листа rus
102 Страна публикации __
a Страна публикации RU
105 Кодированные данные (монография) __
a Кодированные данные (монография) y###||||000|y
125 Кодированные данные звукозаписи и нотных изданий __
a Форма изложения нотного текста а|
128 Кодированные данные (звукозаписи-физические характеристики) __
a Кодированные данные: Музыкальная форма и тональность или лад acc
b Инструменты или голоса, необходимые для ансамблей (устаревшее) oz||
200 Заглавие и сведения об ответственности 1_
a Заглавие Вып. 1
210 Выходные данные 1_
d Дата издания 1984
215 Физическое описание __
a Объем 120 с.
327 Примечание о содержании 11
a Примечание о содержании Содерж. : Минх. Н. Концерт для оркестра : ч. 4 : Сновидение. - Саульский Ю. Концертная баллада : для трубы с оркестром. - Варламов А. Парус в море : пьеса для фп. с оркестром. - Фиготин Б. Золотая осень : пьеса для оркестра.
461 Уровень набора _0
1 001RU/IS/BASE/512830503
1 200
a Играет эстрадно-симфонический оркестр
b [Ноты]
v Вып. 1
1 210
a М.
c Музыка
d 1984 -
464 Аналитический уровень _0
1 2001
a Сновидение
e ч. 4-я из Концерта для оркестра
1 700 1
a Минх
b Н.
1 50010
a Концерт для оркестра
464 Аналитический уровень _0
1 2001
a Концертная баллада
e для трубы с оркестром
1 700 1
a Саульский
b Ю.
464 Аналитический уровень _0
1 2001
a Парус в море
e пьеса для фп. с оркестром
1 700 1
a Варламов
b А.
464 Аналитический уровень _0
1 2001
a Золотая осень
e пьеса для оркестра
1 700 1
a Фиготин
b Б.
512 Заглавие обложки __
a Заглавие обложки Играет эстрадно-симфонический оркестр
606 Тематические рубрики 0_
a Основная рубрика Эстрадно-симфонические оркестры
x Основная подрубрика Концерты
x Основная подрубрика Пьесы
610 Ключевые слова 0_
a Ключевые слова эстрадно-симфонические оркестры
610 Ключевые слова 0_
a Ключевые слова концертные пьесы
610 Ключевые слова 0_
a Ключевые слова концерты
686 Индексы других классификаций __
a Классификационный индекс 85.951.181(2)я43П
2 Код системы rubbk
801 Источник записи _0
a Страна RU
b Организация Ульяновская ОНБ
c Дата составления 20160401
g Правила каталогизации RCR
801 Источник записи _1
a Страна RU
b Организация Ульяновская ОНБ
c Дата составления 20160401
g Правила каталогизации RCR
901 Тип документа __
t Тип документа n
w Контрольный № источника RU/IS/BASE/512830503
909 Создатель записи __
a Создатель записи Никитина Т. А.
938 Служебная информация __
a Имя БД noti
b Имя библиотеки УОНБ
c Имя АИБС МАРК-SQL
d Номер DOC_ID в БД 14463